Silent films - Statistics

General Stats
  • This quiz has been taken 58 times
  • The average score is 10 of 14
Answer Stats
Hint Director Hint Answer % Correct
Epic film about a futuristic city Fritz Lang 1927 Metropolis
93%
As groundbreaking as controversial. Klansmen as heroes. D.W. Griffith 1915 The Birth of a Nation
89%
A vampire (Max Schreck) comes to Wisborg. F.W. Murnau 1922 Nosferatu
84%
The trial of a French peasant girl who led her army to victory Carl Theodor Dreyer 1928 The Passion of Joan of Arc
80%
Buster Keaton on a great locomotive chase Buster Keaton, Clyde Bruckman 1926 The General
79%
A baby cart rolls down the steps of Odessa. Sergei Eisenstein 1925 Battleship Potemkin
70%
French science-fiction film. Partly colored. Georges Méliès 1902 A Trip to the Moon
66%
In a dreamlike city, a sleepwalker is said to kill people. Robert Wiene 1920 The Cabinet of Dr. Caligari
66%
The Tramp eats a shoe. Charlie Chaplin 1925 Gold Rush
64%
Harold Lloyd hangs from a clock. Fred C. Newmeyer, Sam Taylor 1923 Safety Last!
61%
A Jack the Ripper-like killer haunts foggy London. Alfred Hitchcock 1927 The Lodger
57%
A deformed Lon Chaney creeps through the undergrounds of Paris. Rupert Julian 1925 The Phantom of the Opera
57%
A cloud passes by the moon - a woman's eye is sliced. Surreal. Luis Buñuel 1929 An Andalusian Dog
54%
Experimental film about urban life in Soviet cities Dziga Vertov 1929 Man with a Movie Camera
41%
No matching quizzes found
Score Distribution
Percent of People with Each Score
Percentile by Number Answered
Your Score History
You have not taken this quiz